Statistics for Harry Potter: Voldemort's Horcruxes

Click here to take the quiz!

General Stats

  • This quiz has been taken 62,005 times
    (61,777 since last reset)
  • The average score is 9 of 12

Answer Stats

Answer% Correct
Harry Potter
96%
Diary
90%
Tom Riddle
90%
Nagini
88%
Rowena Ravenclaw
81%
Ring
80%
Cup
79%
Diadem
78%
Locket
75%
Helga Hufflepuff
71%
Salazar Slytherin
63%
Marvolo Gaunt
50%

Score Distribution

Percentile by Number Answered

Percent of People with Each Score

Your Score History

You have not taken this quiz since the last reset